00988 a2200205 45000010006000000050017000060080041000230030015000640400040000790800042001192450062001610200022002232500012002452640032002573000024002895050345003130410008006581000018006668560098006846278320260407155921.0260407a1996 arg spa dAR-UNSa-BCEJYS aAR-UNSa-BCEJYSbspacAR-UNSa-BCEJYS a504:657.6xAuditoría Medioambiental10aManual de auditoría medioambientalpHigiene y seguridad a978-84-481-0586-0 a2a. ed. 1aMadrid :bMcGraw-Hillc1996 axix, 676 p.c24 cm. a1. Introducción - 2. Los beneficios de un programa de auditoría EHS – 3. El desarrollo de la auditoría EHS como disciplina – 4. Confección del programa de auditoría EHS propio – 5. La auditoría de seguridad – 6. Planeamientos de auditorías EHS de algunas industrias – 7. El interés general en la auditoría EHS -  aspa1 aHarrison, Lee41uhttp://www.biblioeco.unsa.edu.ar/pmb/images/libros/L129373.jpgyImagen de portadaqimage/jpeg